Spiders. I`M Seeing You

Bibliographic Details
Corporate Author: Spiders (hudobná skupina) (uci)
Other Authors: Kollárik, Erik (fot), Klinko, Alexander (gup)
Format: Book
Language:Slovak
PhysicalDescription:1 kompaktná platňa (15 min. 45 sek.) stereo
Published: Bratislava Jumbo records 1995
Subjects:

MARC

LEADER 00000nam a2200000 a 4500
001 vtls001219345
003 SK-MaSNL
005 20260301112459.0
008 130606s1995 xo 0 slo
015 |a SNBJ1997/02-00492 
035 |a SNK000163503 
040 |a SNK  |b slo  |c SNK  |e AACR2 
044 |a xo  |c SK 
080 |a 784.66:785.1(086.7)  |2 1981 
080 |a 785.1(086.7)  |2 1981 
245 1 |a Spiders. I`M Seeing You  |h zvukový dokument 
260 |a Bratislava  |b Jumbo records  |c 1995 
300 |a 1 kompaktná platňa (15 min. 45 sek.)  |b stereo 
500 |a Foto E. Kollárik; design A. Klinko 
505 0 |a Má 4 skl. 
511 |a Účinkuje skupina Spieders 
650 0 7 |a populárna hudba  |x platne kompaktné  |2 SNK  |9 283660 
655 7 |a kompaktné platne  |2 SNK  |9 70690 
700 1 |a Kollárik, Erik  |4 fot  |9 44890 
700 1 |a Klinko, Alexander  |4 gup  |9 9117 
710 0 |a Spiders (hudobná skupina)  |4 uci  |9 32467 
999 |c 710697  |d 712627 
952 |t P60, <03>, [BOOK], {603}  |a SNK  |b SNK  |y PREZ  |7 0  |p 17A0005391  |o snkSCD 550  |i snkJK 164/96  |0 0  |1 0  |4 0  |d 1996-07-18  |l 0  |r 2005-01-01 00:00:00  |w 2026-02-23